<?xml version="1.0" encoding="UTF-8"?><?xml-stylesheet type="text/xsl" href="static/style.xsl"?><OAI-PMH xmlns="http://www.openarchives.org/OAI/2.0/" xmlns:xsi="http://www.w3.org/2001/XMLSchema-instance" xsi:schemaLocation="http://www.openarchives.org/OAI/2.0/ http://www.openarchives.org/OAI/2.0/OAI-PMH.xsd"><responseDate>2026-04-17T12:12:32Z</responseDate><request verb="GetRecord" identifier="oai:www.recercat.cat:2445/227333" metadataPrefix="marc">https://recercat.cat/oai/request</request><GetRecord><record><header><identifier>oai:recercat.cat:2445/227333</identifier><datestamp>2026-04-07T19:16:10Z</datestamp><setSpec>com_2072_1057</setSpec><setSpec>col_2072_478810</setSpec><setSpec>col_2072_478917</setSpec></header><metadata><record xmlns="http://www.loc.gov/MARC21/slim" xmlns:dcterms="http://purl.org/dc/terms/" xmlns:xsi="http://www.w3.org/2001/XMLSchema-instance" xmlns:doc="http://www.lyncode.com/xoai" xsi:schemaLocation="http://www.loc.gov/MARC21/slim http://www.loc.gov/standards/marcxml/schema/MARC21slim.xsd">
   <leader>00925njm 22002777a 4500</leader>
   <datafield ind2=" " ind1=" " tag="042">
      <subfield code="a">dc</subfield>
   </datafield>
   <datafield ind2=" " ind1=" " tag="720">
      <subfield code="a">Corsi, Alessia</subfield>
      <subfield code="e">author</subfield>
   </datafield>
   <datafield ind2=" " ind1=" " tag="720">
      <subfield code="a">Sánchez Quintana, Núria</subfield>
      <subfield code="e">author</subfield>
   </datafield>
   <datafield ind2=" " ind1=" " tag="720">
      <subfield code="a">Tort Cots, Irene</subfield>
      <subfield code="e">author</subfield>
   </datafield>
   <datafield ind2=" " ind1=" " tag="260">
      <subfield code="c">2026-02-24T14:21:00Z</subfield>
   </datafield>
   <datafield ind2=" " ind1=" " tag="260">
      <subfield code="c">2026-02-24T14:21:00Z</subfield>
   </datafield>
   <datafield ind2=" " ind1=" " tag="260">
      <subfield code="c">2025-12</subfield>
   </datafield>
   <datafield ind2=" " ind1=" " tag="260">
      <subfield code="c">2026-02-24T14:21:00Z</subfield>
   </datafield>
   <datafield ind2=" " ind1=" " tag="520">
      <subfield code="a">El artículo presenta una investigación, desarrollada en cuatro centros educativos de Cataluña en entornos multilingües, que surge de la necesidad de una nueva configuración del concepto de diversidad, de las literacidades y de nuevas formas de relación equitativa escuela-familias ante problemáticas desigualitarias. En el marco crítico de la literacidad, el estudio arraiga en los conceptos de pluriliteracidades, multimodalidad y tercer espacio para impulsar nuevas prácticas letradas que involucran a todos los agentes: docentes, aprendices y familiares, así como para explorar las creencias de los docentes sobre estas prácticas y sobre la relación escuela-familias. En el enfoque metodológico cualitativo, participativo y etnográfico se integran entrevistas semiestructuradas y grupos focales, a partir de los cuales se realiza un análisis del discurso orientado a identificar y trazar las creencias de los participantes. Los resultados muestran que la escuela mayoritariamente mantiene una perspectiva deficitaria y deslegitimadora de la literacidad de las prácticas letradas familiares. En cuanto a la relación escuela-familia, se observan conceptualizaciones conformadas en torno a acogida o invitación y no a colaboración equitativa. Se concluye que la acción impulsada ha tenido un efecto de toma de conciencia que contribuye a trazar nuevos retos en la formación del profesorado para reconceptualizar todo aquello en lo que perviven visiones ontológicas y deficitarias y para propiciar cambios hacia la justicia social y educativa.</subfield>
   </datafield>
   <datafield tag="653" ind2=" " ind1=" ">
      <subfield code="a">Justícia social</subfield>
   </datafield>
   <datafield tag="653" ind2=" " ind1=" ">
      <subfield code="a">Aprenentatge</subfield>
   </datafield>
   <datafield tag="653" ind2=" " ind1=" ">
      <subfield code="a">Relacions família-escola</subfield>
   </datafield>
   <datafield tag="653" ind2=" " ind1=" ">
      <subfield code="a">Investigació qualitativa</subfield>
   </datafield>
   <datafield tag="653" ind2=" " ind1=" ">
      <subfield code="a">Social justice</subfield>
   </datafield>
   <datafield tag="653" ind2=" " ind1=" ">
      <subfield code="a">Learning</subfield>
   </datafield>
   <datafield tag="653" ind2=" " ind1=" ">
      <subfield code="a">Home-school relationships</subfield>
   </datafield>
   <datafield tag="653" ind2=" " ind1=" ">
      <subfield code="a">Qualitative research</subfield>
   </datafield>
   <datafield ind2="0" ind1="0" tag="245">
      <subfield code="a">Hibridación y pluriliteracidades: nuevas oportunidades para reconceptualizar la relación escuela-familias</subfield>
   </datafield>
   <datafield ind2="0" ind1="0" tag="245">
      <subfield code="a">Hybridization and Pluriliteracies: New Opportunities to Reconceptualize the School-Family Relationship</subfield>
   </datafield>
</record></metadata></record></GetRecord></OAI-PMH>